Państwa członkowskie Wspólnoty Niepodległych Państw - nagła śmierć - Statystyki

Ogólne statystyki
  • Ten quiz został rozwiązany 31 razy
  • Średni wynik to 4 z 9
Answers on the Grid
Answers color-coded by a green-red scale on the quiz's grid according to % correct below.
Rosja
Mołdawia
Białoruś
Armenia
Azerbejdżan
Kazachstan
Kirgistan
Tadżykistan
Uzbekistan
Gruzja
Ukraina
Litwa
Łotwa
Mongolia
Estonia
Chiny
Rumunia
Korea Północna
Słowacja
Serbia
Turcja
Iran
Turkmenistan
Nepal
Laos
Wietnam
Czechy
Słowenia
Kambodża
Mjanma
 
Statystyki odpowiedzi
Odpowiedź % Poprawnych
Armenia
54%
Rosja
54%
Kazachstan
46%
Kirgistan
46%
Uzbekistan
46%
Azerbejdżan
38%
Mołdawia
38%
Białoruś
31%
Tadżykistan
31%
Nie znaleziono quizów pasujących do podanych kryteriów
Rozkład punktacji
Procent ludzi z każdym wynikiem
Percentyl według liczby udzielonych odpowiedzi
Twoja historia wyników
Nie rozwiązałeś tego quizu